Αξιολόγηση εκπαιδευτικού λογισμικού στο μάθημα των θρησκευτικών των δύο τάξεων του δημοτικού : διπλωματική εργασία [μεταπτυχιακή εργασία]
Αποθηκεύτηκε σε:
| Κύριος συγγραφέας: | |
|---|---|
| Άλλοι συγγραφείς: | |
| Μορφή: | Thesis Βιβλίο |
| Γλώσσα: | Greek |
| Δημοσίευση: |
2014.
|
| Θέματα: | |
| Διαθέσιμο Online: | http://hdl.handle.net/11610/16256 |
| Ετικέτες: |
Προσθήκη ετικέτας
Δεν υπάρχουν, Καταχωρήστε ετικέτα πρώτοι!
|
MARC
| LEADER | 00000cam a2200000 a 4500 | ||
|---|---|---|---|
| 001 | 1/108555 | ||
| 008 | 150910s2015####gr | ||| |||| ||gre|| | ||
| 040 | |a GR-MyUa |b gre |c GR-MyUa |e AACR2 | ||
| 041 | 0 | |a gre | |
| 082 | 7 | |a 372.84 |2 (23) | |
| 100 | 1 | |a Ματθαίου, Θέκλα. | |
| 245 | 1 | 0 | |a Αξιολόγηση εκπαιδευτικού λογισμικού στο μάθημα των θρησκευτικών των δύο τάξεων του δημοτικού : |b διπλωματική εργασία [μεταπτυχιακή εργασία] / |c Ματθαίου Θέκλα ; επιβλέπων καθηγητής Καραμούζης Πολύκαρπος. |
| 260 | |c 2014. | ||
| 300 | |a 164 σ. : |b πίν. ; |c 30 εκ. | ||
| 502 | # | # | |a Διατριβή (μεταπτυχιακή) – Πανεπιστήμιο Αιγαίου, Ρόδος, 2015. |
| 504 | |a Βιβλιογραφία: σ. 148-164. | ||
| 506 | 1 | |a Πλήρες κείμενο - Ενδοπανεπιστημιακή δημοσίευση. | |
| 650 | 0 | |a Educational technology |z Greece. | |
| 650 | 0 | |a Educational technology |x Evaluation. | |
| 650 | 0 | |a Internet in education. | |
| 650 | 0 | |a Religion |x Study and teaching (Elementary) |z Greece. | |
| 700 | 1 | |a Καραμούζης, Πολύκαρπος, |e dgs [Επιβλέπων καθηγητής] | |
| 852 | |a INST |b RHODES |c DIATR |e 20150910 |h 372.84 ΜΑΤ |p 005400038040 |q 005400038040 |t MTXE |y 23 | ||
| 856 | |u http://hdl.handle.net/11610/16256 | ||
| 924 | |a Ματθαίου |b Θέκλα |y Ρόδος |z 2014-11 | ||
| 970 | |z 10-09-2015 | ||